Los instrumentos de política monetaria en la CEE /

Збережено в:
Бібліографічні деталі
Співавтор: Comunidad Económica Europea
Формат: Книга
Мова:Іспанська
Опубліковано: México : Centro de Estudios Monetarios Latinoamericanos, 1963, c1963
Серія:(Ensayos CEMLA)
Предмети:
Теги: Додати тег
Немає тегів, Будьте першим, хто поставить тег для цього запису!

MARC

LEADER 00000nam^a2200000^a^4500
001 000444521
005 20250521000000.0
009 20260310123518.319
037 |a Acervo ITESO - Biblioteca 
041 |a ESP 
082 |a 332. 46  |b COM 
110 |a Comunidad Económica Europea 
245 1 4 |a Los instrumentos de política monetaria en la CEE /  |c CEE. 
264 4 |a México :  |b Centro de Estudios Monetarios Latinoamericanos,  |c 1963, c1963 
300 |a 78 p. 
336 |a texto  |b txt  |2 rdacontenido 
337 |a sin mediación  |b n  |2 rdamedio 
338 |a volumen  |b nc  |2 rdasoporte 
440 1 |a (Ensayos CEMLA) 
649 |a XX 
650 |a Liquidez (Economía) 
650 |a Apertura Comercial e Integración Económica 
650 |a Descuento Financiero 
650 |a Instrumentos Financieros 
650 |a Comunidad Económica Europea -  |x Tema Principal 
650 |a Política Monetaria -  |x Tema Principal 
650 |a Política Económica 
650 |a Economía 
910 |a Fondo Efraín González Morfín 
920 |a Impresos - Libros 
930 |a Fondos Especiales 
905 |a 130 
901 |a 0500371969  |b IT2  |c ESL  |i D87701  |u 20250521 
902 |a https://opac.biblio.iteso.mx/vufind/Record/000444521